[Event "Rapid 2018"]
[Site "Saint-Petersburg"]
[Date "2018.12.28"]
[Round "14"]
[Board "33"]
[White "Lomasov Semyon (RUS)"]
[Black "Pantsulaia Levan (GEO)"]
[Result "1/2-1/2"]
[LiveChessVersion "1.4.8"]
[BlackElo "2652"]
[WhiteElo "2416"]

1. e4 {[%clk 0:15:18]} c5 {[%clk 0:15:18]} 2. Nf3 {[%clk 0:15:26]} e6
{[%clk 0:15:26]} 3. d4 {[%clk 0:15:33]} cxd4 {[%clk 0:15:35]} 4. Nxd4
{[%clk 0:15:41]} a6 {[%clk 0:15:44]} 5. Bd3 {[%clk 0:15:49]} Bc5 {[%clk 0:15:31]}
6. Nb3 {[%clk 0:15:55]} Ba7 {[%clk 0:15:39]} 7. Qe2 {[%clk 0:15:53]} Nc6
{[%clk 0:15:40]} 8. Be3 {[%clk 0:15:58]} d6 {[%clk 0:15:41]} 9. c4
{[%clk 0:15:58]} Nf6 {[%clk 0:15:46]} 10. Nc3 {[%clk 0:15:54]} O-O
{[%clk 0:15:53]} 11. O-O {[%clk 0:15:22]} h6 {[%clk 0:15:32]} 12. Rfd1
{[%clk 0:14:58]} e5 {[%clk 0:15:20]} 13. Rac1 {[%clk 0:14:28]} Be6
{[%clk 0:15:25]} 14. Nd5 {[%clk 0:13:58]} Nd7 {[%clk 0:15:30]} 15. Bxa7
{[%clk 0:12:34]} Rxa7 {[%clk 0:15:38]} 16. Qe3 {[%clk 0:12:38]} b6
{[%clk 0:15:36]} 17. Bf1 {[%clk 0:12:39]} Qb8 {[%clk 0:14:36]} 18. Na1
{[%clk 0:09:19]} Rc8 {[%clk 0:12:02]} 19. Nc2 {[%clk 0:09:16]} Kf8
{[%clk 0:12:10]} 20. b4 {[%clk 0:09:02]} a5 {[%clk 0:10:37]} 21. a3
{[%clk 0:08:58]} Ne7 {[%clk 0:10:38]} 22. Qb3 {[%clk 0:08:27]} axb4
{[%clk 0:09:52]} 23. axb4 {[%clk 0:08:35]} Bxd5 {[%clk 0:10:01]} 24. cxd5
{[%clk 0:07:17]} Rac7 {[%clk 0:10:08]} 25. Qb2 {[%clk 0:07:22]} f5
{[%clk 0:08:45]} 26. exf5 {[%clk 0:06:36]} Nxf5 {[%clk 0:08:51]} 27. Ba6
{[%clk 0:06:04]} Rd8 {[%clk 0:08:59]} 28. Bb5 {[%clk 0:06:13]} Nf6
{[%clk 0:09:05]} 29. Bc6 {[%clk 0:06:19]} b5 {[%clk 0:08:47]} 30. Qb3
{[%clk 0:04:51]} Qb6 {[%clk 0:08:18]} 31. Qd3 {[%clk 0:04:06]} Ne7
{[%clk 0:08:04]} 32. Na3 {[%clk 0:03:26]} Nxc6 {[%clk 0:07:43]} 33. dxc6
{[%clk 0:02:45]} Rxc6 {[%clk 0:07:48]} 34. Rxc6 {[%clk 0:02:36]} Qxc6
{[%clk 0:07:57]} 35. Nxb5 {[%clk 0:02:35]} d5 {[%clk 0:07:59]} 36. Nc3
{[%clk 0:02:34]} Rc8 {[%clk 0:06:38]} 37. Ne2 {[%clk 0:02:37]} Qc4
{[%clk 0:06:00]} 38. Qe3 {[%clk 0:02:40]} Kf7 {[%clk 0:05:13]} 39. f4
{[%clk 0:00:45]} d4 {[%clk 0:04:33]} 40. Qd3 {[%clk 0:00:53]} Qxd3
{[%clk 0:03:11]} 41. Rxd3 {[%clk 0:01:02]} Ke6 {[%clk 0:03:20]} 42. fxe5
{[%clk 0:01:02]} Kxe5 {[%clk 0:03:29]} 43. Nxd4 {[%clk 0:00:35]} Ke4
{[%clk 0:02:38]} 44. Rd1 {[%clk 0:00:32]} Ng4 {[%clk 0:01:47]} 45. Nf3
{[%clk 0:00:32]} Rc2 {[%clk 0:01:46]} 46. h3 {[%clk 0:00:14]} Ne3
{[%clk 0:01:40]} 47. Rd4+ {[%clk 0:00:19]} Kf5 {[%clk 0:01:49]} 48. Rd2
{[%clk 0:00:25]} Rc1+ {[%clk 0:01:10]} 49. Kf2 {[%clk 0:00:34]} Nd1+
{[%clk 0:01:19]} 50. Kg3 {[%clk 0:00:32]} Nc3 {[%clk 0:01:26]} 51. Rb2
{[%clk 0:00:17]} g5 {[%clk 0:00:58]} 52. b5 {[%clk 0:00:13]} Ne4+
{[%clk 0:00:55]} 53. Kh2 {[%clk 0:00:22]} h5 {[%clk 0:01:01]} 54. Nd2
{[%clk 0:00:12]} Nxd2 {[%clk 0:00:25]} 55. Rxd2 {[%clk 0:00:21]} Rb1
{[%clk 0:00:34]} 56. Rd5+ {[%clk 0:00:27]} Kf4 {[%clk 0:00:37]} 57. g3+
{[%clk 0:00:41]} Kf3 {[%clk 0:00:43]} 58. Rf5+ {[%clk 0:00:21]} Ke3
{[%clk 0:00:51]} 59. Re5+ Kf3 {[%clk 0:01:07]} 60. Rf5+ {[%clk 0:00:29]} Ke3
{[%clk 0:01:15]} 61. Rxg5 Rb2+ 1/2-1/2

[Event "Rapid 2018"]
[Site "Saint-Petersburg"]
[Date "2018.12.28"]
[Round "14"]
[Board "34"]
[White "Demchenko Anton (RUS)"]
[Black "Tang Andrew (USA)"]
[Result "1-0"]
[LiveChessVersion "1.4.8"]
[BlackElo "2281"]
[WhiteElo "2651"]

1. e4 {[%clk 0:15:19]} e5 {[%clk 0:15:19]} 2. Nf3 {[%clk 0:15:28]} Nc6
{[%clk 0:15:28]} 3. Bc4 {[%clk 0:15:37]} Bc5 {[%clk 0:15:36]} 4. d3
{[%clk 0:15:45]} Nf6 {[%clk 0:15:43]} 5. Bg5 {[%clk 0:15:54]} h6 {[%clk 0:15:50]}
6. Bh4 {[%clk 0:16:04]} g5 {[%clk 0:15:58]} 7. Bg3 {[%clk 0:16:13]} d6
{[%clk 0:16:06]} 8. c3 {[%clk 0:16:07]} a6 {[%clk 0:15:46]} 9. a4
{[%clk 0:15:55]} Bg4 {[%clk 0:15:10]} 10. Nbd2 {[%clk 0:15:44]} Nh5
{[%clk 0:14:45]} 11. Nf1 {[%clk 0:10:51]} Nf4 {[%clk 0:13:13]} 12. Bxf4
{[%clk 0:10:58]} gxf4 {[%clk 0:13:21]} 13. Qe2 {[%clk 0:10:37]} Qf6
{[%clk 0:12:56]} 14. N1d2 {[%clk 0:09:59]} Rg8 {[%clk 0:12:47]} 15. Bd5
{[%clk 0:07:43]} Ba7 {[%clk 0:11:04]} 16. O-O-O {[%clk 0:07:04]} Bd7
{[%clk 0:09:04]} 17. Rhg1 {[%clk 0:06:46]} O-O-O {[%clk 0:08:56]} 18. Kb1
{[%clk 0:05:10]} Rg6 {[%clk 0:08:22]} 19. g3 {[%clk 0:04:59]} Rdg8
{[%clk 0:08:13]} 20. Nh4 {[%clk 0:04:13]} Rg5 {[%clk 0:07:50]} 21. Ndf3
{[%clk 0:03:53]} Ne7 {[%clk 0:05:08]} 22. Nxg5 {[%clk 0:03:23]} hxg5
{[%clk 0:05:17]} 23. Nf3 {[%clk 0:03:19]} g4 {[%clk 0:05:19]} 24. Nd2
{[%clk 0:02:56]} f3 {[%clk 0:05:24]} 25. Qe1 {[%clk 0:03:02]} Nxd5
{[%clk 0:05:07]} 26. exd5 {[%clk 0:03:11]} Bxa4 {[%clk 0:05:16]} 27. Rc1
{[%clk 0:02:49]} Qg6 {[%clk 0:04:51]} 28. Qf1 {[%clk 0:02:57]} Bb5
{[%clk 0:03:28]} 29. c4 {[%clk 0:02:19]} Bd7 {[%clk 0:03:31]} 30. b4
{[%clk 0:02:10]} Qh6 {[%clk 0:02:43]} 31. Rc2 {[%clk 0:01:45]} Bf5
{[%clk 0:02:34]} 32. Ne4 {[%clk 0:01:44]} Bd4 {[%clk 0:02:20]} 33. Ka2
{[%clk 0:00:54]} Kb8 {[%clk 0:02:15]} 34. Qb1 {[%clk 0:00:58]} Bd7
{[%clk 0:02:00]} 35. Qb3 {[%clk 0:01:01]} f5 {[%clk 0:01:42]} 36. Nc3
{[%clk 0:01:10]} f4 {[%clk 0:01:12]} 37. Rb1 {[%clk 0:00:42]} Bf5
{[%clk 0:01:19]} 38. Ne4 {[%clk 0:00:37]} Qxh2 {[%clk 0:01:12]} 39. b5
{[%clk 0:00:33]} a5 {[%clk 0:01:09]} 40. b6 {[%clk 0:00:42]} cxb6
{[%clk 0:00:30]} 41. Nxd6 {[%clk 0:00:39]} Qh7 {[%clk 0:00:39]} 42. Nxf5
{[%clk 0:00:33]} Qxf5 {[%clk 0:00:47]} 43. c5 {[%clk 0:00:42]} Qf7
{[%clk 0:00:21]} 44. gxf4 {[%clk 0:00:37]} bxc5 {[%clk 0:00:22]} 45. fxe5
{[%clk 0:00:40]} g3 {[%clk 0:00:28]} 46. e6 {[%clk 0:00:39]} Qc7 {[%clk 0:00:23]}
47. d6 {[%clk 0:00:25]} Qc6 {[%clk 0:00:33]} 48. e7 {[%clk 0:00:31]} Re8
{[%clk 0:00:34]} 49. fxg3 {[%clk 0:00:38]} f2 {[%clk 0:00:38]} 50. Re2
{[%clk 0:00:14]} Kc8 {[%clk 0:00:29]} 51. Qe6+ {[%clk 0:00:22]} Kb8
{[%clk 0:00:38]} 52. Qb3 {[%clk 0:00:30]} Kc8 {[%clk 0:00:45]} 53. Rxf2
{[%clk 0:00:19]} Bxf2 {[%clk 0:00:30]} 54. Qxb7+ {[%clk 0:00:28]} Qxb7
{[%clk 0:00:39]} 55. Rxb7 {[%clk 0:00:37]} Kxb7 {[%clk 0:00:47]} 56. d7
{[%clk 0:00:47]} Rxe7 {[%clk 0:00:51]} 57. d8=Q {[%clk 0:00:55]} Re2+
{[%clk 0:00:53]} 58. Kb3 {[%clk 0:01:02]} Bxg3 {[%clk 0:00:44]} 59. Qd5+
{[%clk 0:00:44]} Kb6 {[%clk 0:00:48]} 60. Qf3 {[%clk 0:00:53]} a4+
{[%clk 0:00:17]} 61. Kxa4 {[%clk 0:00:36]} Rb2 62. Qf6+ {[%clk 0:00:37]} 1-0

[Event "Rapid 2018"]
[Site "Saint-Petersburg"]
[Date "2018.12.28"]
[Round "14"]
[Board "35"]
[White "Hovhannisyan Robert (ARM)"]
[Black "Grigoriants Sergey (RUS)"]
[Result "1/2-1/2"]
[LiveChessVersion "1.4.8"]
[BlackElo "2640"]
[WhiteElo "2549"]

1. e4 {[%clk 0:15:18]} e5 {[%clk 0:15:15]} 2. Nf3 {[%clk 0:15:26]} Nc6
{[%clk 0:15:24]} 3. Bb5 {[%clk 0:15:34]} a6 {[%clk 0:15:29]} 4. Ba4
{[%clk 0:15:43]} Nf6 {[%clk 0:15:36]} 5. O-O {[%clk 0:15:50]} b5 {[%clk 0:15:18]}
6. Bb3 {[%clk 0:15:58]} Bc5 {[%clk 0:15:27]} 7. Nc3 {[%clk 0:15:58]} d6
{[%clk 0:14:10]} 8. Nd5 {[%clk 0:15:31]} h6 {[%clk 0:14:06]} 9. c3
{[%clk 0:15:21]} O-O {[%clk 0:13:14]} 10. d4 {[%clk 0:15:10]} Ba7
{[%clk 0:12:59]} 11. Nxf6+ {[%clk 0:14:31]} Qxf6 {[%clk 0:13:07]} 12. Bd5
{[%clk 0:14:36]} Bd7 {[%clk 0:12:34]} 13. Be3 {[%clk 0:14:42]} Rad8
{[%clk 0:09:32]} 14. a4 {[%clk 0:13:43]} exd4 {[%clk 0:09:26]} 15. Nxd4
{[%clk 0:13:01]} Nxd4 {[%clk 0:09:14]} 16. cxd4 {[%clk 0:13:09]} bxa4
{[%clk 0:09:08]} 17. Rc1 {[%clk 0:10:31]} c5 {[%clk 0:08:20]} 18. dxc5
{[%clk 0:10:28]} Bxc5 {[%clk 0:08:27]} 19. Bxc5 {[%clk 0:10:07]} dxc5
{[%clk 0:08:36]} 20. Qd2 {[%clk 0:09:44]} Rb8 {[%clk 0:08:08]} 21. Rc3
{[%clk 0:09:50]} Be6 {[%clk 0:07:49]} 22. Bxe6 {[%clk 0:08:10]} Qxe6
{[%clk 0:07:48]} 23. f3 {[%clk 0:07:39]} Rfd8 {[%clk 0:05:28]} 24. Qf2
{[%clk 0:07:33]} Qe5 {[%clk 0:04:32]} 25. Rc2 {[%clk 0:05:34]} Rd3
{[%clk 0:03:21]} 26. Qg3 {[%clk 0:03:09]} Qd4+ {[%clk 0:03:09]} 27. Qf2
{[%clk 0:03:16]} Rd1 {[%clk 0:01:50]} 28. Qxd4 {[%clk 0:02:07]} Rxf1+
{[%clk 0:01:57]} 29. Kxf1 {[%clk 0:02:16]} cxd4 {[%clk 0:02:06]} 30. Kf2
{[%clk 0:00:52]} g5 {[%clk 0:01:47]} 31. Kg3 {[%clk 0:00:36]} Kg7
{[%clk 0:01:37]} 32. Rc4 {[%clk 0:00:20]} d3 {[%clk 0:01:07]} 33. Rd4
{[%clk 0:00:29]} Rb3 {[%clk 0:00:44]} 34. h4 {[%clk 0:00:28]} gxh4+ 35. Kxh4
{[%clk 0:00:20]} Rxb2 {[%clk 0:00:12]} 36. Rxd3 {[%clk 0:00:28]} Rxg2
{[%clk 0:00:18]} 37. Ra3 {[%clk 0:00:35]} Rg5 {[%clk 0:00:12]} 38. Rxa4
{[%clk 0:00:38]} a5 {[%clk 0:00:22]} 39. Rc4 {[%clk 0:00:19]} Rg6
{[%clk 0:00:22]} 40. Ra4 {[%clk 0:00:27]} Ra6 {[%clk 0:00:28]} 41. Kh5
{[%clk 0:00:32]} Ra7 {[%clk 0:00:18]} 42. e5 {[%clk 0:00:35]} Ra6
{[%clk 0:00:18]} 43. f4 {[%clk 0:00:25]} Kf8 {[%clk 0:00:16]} 44. f5
{[%clk 0:00:27]} Ke7 {[%clk 0:00:25]} 45. Kg4 {[%clk 0:00:26]} Kd7
{[%clk 0:00:28]} 46. Kh5 {[%clk 0:00:32]} Ke7 {[%clk 0:00:14]} 47. Kg4
{[%clk 0:00:40]} Kd7 {[%clk 0:00:14]} 48. Kh5 {[%clk 0:00:48]} Kc6
{[%clk 0:00:23]} 49. e6 {[%clk 0:00:31]} fxe6 {[%clk 0:00:30]} 50. f6
{[%clk 0:00:36]} Kb5 {[%clk 0:00:29]} 51. Rf4 {[%clk 0:00:18]} Ra8
{[%clk 0:00:17]} 52. f7 {[%clk 0:00:26]} a4 {[%clk 0:00:13]} 53. f8=Q
{[%clk 0:00:17]} Rxf8 {[%clk 0:00:22]} 54. Rxf8 {[%clk 0:00:25]} a3
{[%clk 0:00:31]} 55. Kxh6 {[%clk 0:00:13]} Kb4 {[%clk 0:00:37]} 56. Kg5
{[%clk 0:00:20]} a2 {[%clk 0:00:43]} 57. Ra8 {[%clk 0:00:28]} Kb3
{[%clk 0:00:52]} 58. Kf6 {[%clk 0:00:37]} Kb2 {[%clk 0:01:01]} 59. Rxa2+
{[%clk 0:00:45]} Kxa2 {[%clk 0:01:10]} 60. Kxe6 {[%clk 0:00:54]} 1/2-1/2

[Event "Rapid 2018"]
[Site "Saint-Petersburg"]
[Date "2018.12.28"]
[Round "14"]
[Board "37"]
[White "Steinberg Nitzan (ISR)"]
[Black "Alekseenko Kirill (RUS)"]
[Result "0-1"]
[LiveChessVersion "1.4.8"]
[BlackElo "2635"]
[WhiteElo "2400"]

1. e4 {[%clk 0:15:17]} c5 {[%clk 0:15:18]} 2. Nf3 {[%clk 0:15:26]} Nc6
{[%clk 0:15:25]} 3. d4 {[%clk 0:15:33]} cxd4 {[%clk 0:15:33]} 4. Nxd4
{[%clk 0:15:41]} Nf6 {[%clk 0:15:40]} 5. Nc3 {[%clk 0:15:49]} d6 {[%clk 0:15:48]}
6. Bg5 {[%clk 0:15:56]} e6 {[%clk 0:15:55]} 7. Qd2 {[%clk 0:16:04]} a6
{[%clk 0:16:01]} 8. O-O-O {[%clk 0:16:07]} Bd7 {[%clk 0:16:10]} 9. f3
{[%clk 0:16:11]} Be7 {[%clk 0:16:18]} 10. h4 {[%clk 0:15:55]} Rc8
{[%clk 0:16:24]} 11. Kb1 {[%clk 0:14:50]} b5 {[%clk 0:16:32]} 12. Nxc6
{[%clk 0:14:40]} Bxc6 {[%clk 0:16:40]} 13. Ne2 {[%clk 0:14:43]} O-O
{[%clk 0:16:33]} 14. Nd4 {[%clk 0:14:40]} Bb7 {[%clk 0:16:42]} 15. g4
{[%clk 0:13:15]} Nd7 {[%clk 0:16:36]} 16. Qe3 {[%clk 0:11:06]} Ne5
{[%clk 0:16:33]} 17. Bxe7 {[%clk 0:10:13]} Qxe7 {[%clk 0:16:41]} 18. g5
{[%clk 0:10:22]} Qc7 {[%clk 0:15:58]} 19. Be2 {[%clk 0:07:13]} d5
{[%clk 0:14:57]} 20. exd5 {[%clk 0:06:59]} Bxd5 {[%clk 0:14:54]} 21. h5
{[%clk 0:06:59]} Nc4 {[%clk 0:12:35]} 22. Bxc4 {[%clk 0:06:49]} Qxc4
{[%clk 0:12:42]} 23. b3 {[%clk 0:06:53]} Qc7 {[%clk 0:12:44]} 24. Rhe1
{[%clk 0:06:24]} f6 {[%clk 0:10:51]} 25. f4 {[%clk 0:06:00]} b4 {[%clk 0:08:05]}
26. Re2 {[%clk 0:05:15]} Rce8 {[%clk 0:07:52]} 27. Qd2 {[%clk 0:04:28]} fxg5
{[%clk 0:07:33]} 28. fxg5 {[%clk 0:04:35]} Qf4 {[%clk 0:07:16]} 29. Qxb4
{[%clk 0:03:12]} Qxg5 {[%clk 0:07:24]} 30. Rde1 {[%clk 0:03:09]} Qh4
{[%clk 0:05:19]} 31. Qb6 {[%clk 0:02:22]} Rb8 {[%clk 0:05:00]} 32. Qa7
{[%clk 0:00:59]} Ra8 {[%clk 0:05:08]} 33. Qb6 {[%clk 0:00:17]} Rfb8
{[%clk 0:04:55]} 34. Qc5 {[%clk 0:00:25]} Rc8 {[%clk 0:05:03]} 35. Qb6
{[%clk 0:00:15]} Rab8 {[%clk 0:05:07]} 36. Qa7 {[%clk 0:00:13]} Rb7
{[%clk 0:05:09]} 37. Qxa6 {[%clk 0:00:19]} Qxd4 {[%clk 0:05:13]} 38. Rxe6
{[%clk 0:00:28]} Rbb8 {[%clk 0:04:34]} 39. Re7 {[%clk 0:00:24]} Qd2
{[%clk 0:03:45]} 40. R1e2 {[%clk 0:00:13]} Qd1+ {[%clk 0:03:45]} 41. Kb2
{[%clk 0:00:22]} Qd4+ {[%clk 0:03:48]} 42. Kb1 {[%clk 0:00:31]} Bc4
{[%clk 0:03:04]} 43. Qa4 {[%clk 0:00:12]} Qd1+ {[%clk 0:03:08]} 44. Kb2
{[%clk 0:00:21]} Bxe2 {[%clk 0:03:11]} 0-1

[Event "Rapid 2018"]
[Site "Saint-Petersburg"]
[Date "2018.12.28"]
[Round "14"]
[Board "38"]
[White "Sjugirov Sanan (RUS)"]
[Black "Indjic Aleksandar (SRB)"]
[Result "0-1"]
[LiveChessVersion "1.4.8"]
[BlackElo "2575"]
[WhiteElo "2722"]

1. d4 {[%clk 0:15:18]} Nf6 {[%clk 0:15:18]} 2. c4 {[%clk 0:15:26]} e6
{[%clk 0:15:25]} 3. Nc3 {[%clk 0:15:33]} c5 {[%clk 0:15:33]} 4. d5
{[%clk 0:15:42]} exd5 {[%clk 0:15:41]} 5. cxd5 {[%clk 0:15:50]} d6
{[%clk 0:15:49]} 6. e4 {[%clk 0:15:40]} g6 {[%clk 0:15:57]} 7. f4
{[%clk 0:15:43]} Bg7 {[%clk 0:16:05]} 8. Bb5+ {[%clk 0:15:50]} Nfd7
{[%clk 0:16:13]} 9. a4 {[%clk 0:15:58]} Qh4+ {[%clk 0:16:15]} 10. g3
{[%clk 0:15:08]} Qd8 {[%clk 0:16:22]} 11. Nf3 {[%clk 0:15:03]} O-O
{[%clk 0:16:29]} 12. O-O {[%clk 0:14:53]} Na6 {[%clk 0:16:37]} 13. f5
{[%clk 0:13:52]} Nc7 {[%clk 0:14:46]} 14. Bf4 {[%clk 0:12:39]} Nf6
{[%clk 0:14:46]} 15. Bc4 {[%clk 0:11:41]} Nce8 {[%clk 0:13:53]} 16. Qd3
{[%clk 0:10:17]} Kh8 {[%clk 0:12:42]} 17. Rae1 {[%clk 0:09:55]} Ng4
{[%clk 0:11:49]} 18. Qd2 {[%clk 0:08:56]} gxf5 {[%clk 0:11:21]} 19. exf5
{[%clk 0:08:07]} Bxf5 {[%clk 0:11:28]} 20. h3 {[%clk 0:08:01]} Ngf6
{[%clk 0:11:32]} 21. g4 {[%clk 0:07:48]} Bg6 {[%clk 0:11:40]} 22. Bh6
{[%clk 0:07:46]} a6 {[%clk 0:11:32]} 23. Bxg7+ {[%clk 0:07:50]} Kxg7
{[%clk 0:11:39]} 24. Qf4 {[%clk 0:07:31]} h6 {[%clk 0:11:10]} 25. h4
{[%clk 0:05:42]} Qd7 {[%clk 0:11:14]} 26. h5 {[%clk 0:05:21]} Bh7
{[%clk 0:11:09]} 27. Re2 {[%clk 0:04:45]} Nxg4 {[%clk 0:10:52]} 28. Rg2
{[%clk 0:04:00]} f5 {[%clk 0:11:01]} 29. Ne5 {[%clk 0:00:59]} dxe5
{[%clk 0:11:05]} 30. Rxg4+ {[%clk 0:01:06]} Kh8 {[%clk 0:11:14]} 31. Qxe5+
{[%clk 0:00:57]} Nf6 {[%clk 0:11:23]} 32. Rg2 {[%clk 0:01:01]} Rae8
{[%clk 0:11:32]} 33. Qf4 {[%clk 0:01:10]} Rg8 {[%clk 0:10:56]} 34. d6
{[%clk 0:00:57]} Rxg2+ {[%clk 0:10:36]} 35. Kxg2 {[%clk 0:01:07]} Qg7+
{[%clk 0:10:42]} 36. Qg3 {[%clk 0:01:02]} Ng4 {[%clk 0:10:51]} 37. Kh3
{[%clk 0:00:21]} Qd4 {[%clk 0:06:49]} 38. Rf4 {[%clk 0:00:27]} Qxd6
{[%clk 0:06:49]} 39. Nd5 {[%clk 0:00:33]} b5 {[%clk 0:06:11]} 40. axb5
{[%clk 0:00:41]} axb5 {[%clk 0:06:19]} 41. Qc3+ {[%clk 0:00:19]} Re5
{[%clk 0:06:06]} 42. Ba2 {[%clk 0:00:14]} c4 {[%clk 0:06:14]} 43. Rd4
{[%clk 0:00:20]} Re3+ {[%clk 0:06:07]} 0-1

[Event "Rapid 2018"]
[Site "Saint-Petersburg"]
[Date "2018.12.28"]
[Round "14"]
[Board "39"]
[White "Predke Alexandr (RUS)"]
[Black "Bocharov Dmitry (RUS)"]
[Result "1/2-1/2"]
[LiveChessVersion "1.4.8"]
[BlackElo "2683"]
[WhiteElo "2566"]

1. e4 {[%clk 0:15:17]} c5 {[%clk 0:15:18]} 2. Nc3 {[%clk 0:15:25]} d6
{[%clk 0:15:22]} 3. Nge2 {[%clk 0:15:33]} a6 {[%clk 0:15:07]} 4. g3
{[%clk 0:15:40]} e5 {[%clk 0:15:10]} 5. Bg2 {[%clk 0:15:46]} g6 {[%clk 0:15:16]}
6. d3 {[%clk 0:15:37]} Bg7 {[%clk 0:15:17]} 7. Be3 {[%clk 0:15:23]} Ne7
{[%clk 0:15:15]} 8. Qd2 {[%clk 0:15:29]} Nbc6 {[%clk 0:14:42]} 9. Bh6
{[%clk 0:15:12]} O-O {[%clk 0:14:41]} 10. h4 {[%clk 0:15:11]} Bxh6
{[%clk 0:14:46]} 11. Qxh6 {[%clk 0:15:18]} f6 {[%clk 0:14:51]} 12. Qd2
{[%clk 0:13:29]} Be6 {[%clk 0:12:40]} 13. h5 {[%clk 0:13:07]} g5 {[%clk 0:12:44]}
14. h6 {[%clk 0:11:49]} g4 {[%clk 0:11:08]} 15. Nd5 {[%clk 0:10:55]} Kh8
{[%clk 0:09:13]} 16. O-O-O {[%clk 0:09:45]} Nd4 {[%clk 0:09:00]} 17. Kb1
{[%clk 0:08:07]} b5 {[%clk 0:07:33]} 18. Nxd4 {[%clk 0:07:27]} cxd4
{[%clk 0:07:36]} 19. f4 {[%clk 0:07:34]} Bxd5 {[%clk 0:07:03]} 20. exd5
{[%clk 0:07:39]} Nf5 {[%clk 0:07:12]} 21. fxe5 {[%clk 0:05:51]} fxe5
{[%clk 0:05:29]} 22. Qe1 {[%clk 0:05:27]} Ne3 {[%clk 0:04:52]} 23. Rd2
{[%clk 0:05:36]} Qf6 {[%clk 0:03:30]} 24. Be4 {[%clk 0:05:39]} Ra7
{[%clk 0:03:34]} 25. Re2 {[%clk 0:04:44]} Raf7 {[%clk 0:03:18]} 26. c3
{[%clk 0:04:17]} Qg5 {[%clk 0:02:41]} 27. Qd2 {[%clk 0:03:57]} Rf6
{[%clk 0:02:02]} 28. cxd4 {[%clk 0:03:56]} exd4 {[%clk 0:02:10]} 29. a3
{[%clk 0:03:51]} Qe5 {[%clk 0:02:15]} 30. Qb4 {[%clk 0:02:43]} Nxd5
{[%clk 0:02:04]} 31. Qa5 {[%clk 0:01:53]} Ne3 {[%clk 0:01:43]} 32. Qc7
{[%clk 0:01:49]} R6f7 {[%clk 0:00:35]} 33. Rf2 {[%clk 0:01:58]} Qe6
{[%clk 0:00:23]} 34. Rxf7 {[%clk 0:01:46]} Qxf7 {[%clk 0:00:31]} 35. Qxd6
{[%clk 0:01:55]} Qf6 {[%clk 0:00:40]} 36. Qd7 {[%clk 0:01:54]} Rf7
{[%clk 0:00:49]} 37. Qc8+ {[%clk 0:01:54]} Rf8 {[%clk 0:00:57]} 38. Qb7
{[%clk 0:02:02]} Rf7 {[%clk 0:01:04]} 39. Rc1 {[%clk 0:02:02]} Nc4
{[%clk 0:00:55]} 40. Qc8+ {[%clk 0:01:37]} Rf8 {[%clk 0:01:03]} 41. Qxg4
{[%clk 0:01:39]} Nd2+ {[%clk 0:01:05]} 42. Kc2 {[%clk 0:01:44]} Nxe4
{[%clk 0:01:01]} 43. Qxe4 {[%clk 0:01:48]} Rc8+ {[%clk 0:00:50]} 44. Kb1
{[%clk 0:01:24]} Rxc1+ {[%clk 0:00:58]} 45. Kxc1 {[%clk 0:01:33]} Qxh6+
{[%clk 0:01:07]} 46. Kb1 {[%clk 0:00:48]} Qd6 {[%clk 0:01:13]} 47. Qg4
{[%clk 0:00:51]} Qf6 {[%clk 0:00:49]} 48. Kc2 {[%clk 0:00:37]} Qc6+
{[%clk 0:00:34]} 49. Kb3 {[%clk 0:00:34]} Qd6 {[%clk 0:00:26]} 50. Qg5
{[%clk 0:00:14]} h6 {[%clk 0:00:27]} 51. Qh5 {[%clk 0:00:14]} Kg7
{[%clk 0:00:30]} 52. g4 {[%clk 0:00:19]} Qe6+ {[%clk 0:00:19]} 53. Kb4
{[%clk 0:00:28]} Qe1+ {[%clk 0:00:21]} 54. Kc5 {[%clk 0:00:36]} Qc1+
{[%clk 0:00:29]} 55. Kd5 {[%clk 0:00:17]} Qxb2 {[%clk 0:00:32]} 56. Qe5+
{[%clk 0:00:25]} Kg6 {[%clk 0:00:31]} 57. Qf5+ {[%clk 0:00:30]} Kg7
{[%clk 0:00:39]} 58. Qd7+ {[%clk 0:00:17]} Kg6 {[%clk 0:00:45]} 59. Qf5+
{[%clk 0:00:17]} Kg7 {[%clk 0:00:53]} 60. Qd7+ {[%clk 0:00:26]} Kg6
{[%clk 0:01:01]} 61. Qe8+ {[%clk 0:00:35]} Kg7 {[%clk 0:00:50]} 62. Qe5+
{[%clk 0:00:18]} Kf7 {[%clk 0:00:43]} 63. Qh5+ {[%clk 0:00:20]} Kg7
{[%clk 0:00:51]} 64. Qe5+ {[%clk 0:00:20]} Kf7 {[%clk 0:00:58]} 65. Qf4+
{[%clk 0:00:28]} Kg6 {[%clk 0:00:53]} 66. Qf5+ {[%clk 0:00:16]} Kg7
{[%clk 0:01:01]} 67. Qe5+ {[%clk 0:00:17]} Kf7 {[%clk 0:01:05]} 68. Qe6+
{[%clk 0:00:19]} Kg7 {[%clk 0:01:11]} 69. Qe7+ {[%clk 0:00:14]} 1/2-1/2

[Event "Rapid 2018"]
[Site "Saint-Petersburg"]
[Date "2018.12.28"]
[Round "14"]
[Board "40"]
[White "Van Foreest Jorden (NED)"]
[Black "Melkumyan Hrant (ARM)"]
[Result "0-1"]
[LiveChessVersion "1.4.8"]
[BlackElo "2672"]
[WhiteElo "2401"]

1. e4 {[%clk 0:15:17]} c5 {[%clk 0:15:18]} 2. Nf3 {[%clk 0:15:25]} Nc6
{[%clk 0:15:27]} 3. Bb5 {[%clk 0:15:31]} g6 {[%clk 0:15:34]} 4. Bxc6
{[%clk 0:15:38]} dxc6 {[%clk 0:15:38]} 5. d3 {[%clk 0:15:40]} Bg7
{[%clk 0:15:45]} 6. h3 {[%clk 0:15:47]} Nf6 {[%clk 0:15:42]} 7. Nc3
{[%clk 0:15:34]} Nd7 {[%clk 0:15:46]} 8. Be3 {[%clk 0:15:34]} e5 {[%clk 0:15:53]}
9. Qd2 {[%clk 0:15:23]} h6 {[%clk 0:16:01]} 10. O-O {[%clk 0:13:48]} Qe7
{[%clk 0:16:01]} 11. a4 {[%clk 0:13:40]} Nf8 {[%clk 0:15:18]} 12. a5
{[%clk 0:13:23]} Ne6 {[%clk 0:15:26]} 13. Na4 {[%clk 0:11:31]} Nd4
{[%clk 0:15:25]} 14. Nh2 {[%clk 0:10:06]} g5 {[%clk 0:14:30]} 15. Rab1
{[%clk 0:07:57]} O-O {[%clk 0:13:38]} 16. c3 {[%clk 0:08:03]} Ne6
{[%clk 0:13:44]} 17. b4 {[%clk 0:08:11]} cxb4 {[%clk 0:13:34]} 18. Rxb4
{[%clk 0:08:19]} Rd8 19. Qe2 {[%clk 0:07:32]} Nf4 {[%clk 0:12:57]} 20. Bxf4
{[%clk 0:07:40]} exf4 {[%clk 0:13:05]} 21. d4 {[%clk 0:07:41]} Qc7
{[%clk 0:12:23]} 22. e5 {[%clk 0:07:41]} Qxa5 {[%clk 0:12:05]} 23. Nc5
{[%clk 0:07:49]} Qc7 {[%clk 0:11:42]} 24. Ng4 {[%clk 0:07:57]} Bxg4
{[%clk 0:07:43]} 25. hxg4 {[%clk 0:07:45]} b5 {[%clk 0:07:37]} 26. Ne4
{[%clk 0:07:28]} a5 {[%clk 0:07:45]} 27. Rbb1 {[%clk 0:07:28]} b4
{[%clk 0:06:51]} 28. Qc4 {[%clk 0:06:56]} Qd7 {[%clk 0:06:35]} 29. Nd6
{[%clk 0:06:17]} Bf8 {[%clk 0:06:42]} 30. Nf5 {[%clk 0:03:27]} Qe6
{[%clk 0:06:03]} 31. Qd3 {[%clk 0:03:28]} b3 {[%clk 0:06:09]} 32. c4
{[%clk 0:03:16]} a4 {[%clk 0:06:17]} 33. Rfd1 {[%clk 0:02:09]} c5
{[%clk 0:06:18]} 34. Qe2 {[%clk 0:01:37]} cxd4 {[%clk 0:06:12]} 35. Nxd4
{[%clk 0:01:45]} Rxd4 {[%clk 0:04:58]} 36. Rxd4 {[%clk 0:01:54]} a3
{[%clk 0:05:07]} 37. Kh2 {[%clk 0:00:52]} a2 {[%clk 0:05:11]} 38. Ra1
{[%clk 0:01:01]} Rb8 {[%clk 0:04:33]} 39. Rd2 {[%clk 0:00:46]} Bg7
{[%clk 0:04:19]} 40. f3 {[%clk 0:00:19]} Qxe5 {[%clk 0:04:15]} 0-1